[Event "Qatar Masters Open 2023"]
[Site "Doha QAT"]
[Date "2023.10.18"]
[Round "7.12"]
[White "Makarian, Rudik"]
[Black "Salem, A.R. Saleh"]
[Result "1/2-1/2"]
[WhiteTitle "IM"]
[BlackTitle "GM"]
[WhiteElo "2548"]
[BlackElo "2632"]
[WhiteFideId "44105681"]
[BlackFideId "9301348"]
[EventDate "2023.10.11"]

1. d4 Nf6 2. c4 g6 3. Nc3 d5 4. cxd5 Nxd5 5. g3 Bg7 6. Bg2 Nb6 7. Bf4 O-O 8. Be5
Bh6 9. Bf4 Bg7 10. Be5 Bh6 11. Nf3 Nc6 12. O-O Nxe5 13. Nxe5 Bg7 14. f4 c6 15.
e3 Be6 16. Rf2 Qc7 17. Rc1 Rad8 18. b4 f6 19. Nd3 Bf7 20. Qe1 e5 21. fxe5 fxe5
22. Nxe5 Bxe5 23. dxe5 Qxe5 24. Ne4 Bd5 25. Nc5 Bxg2 26. Kxg2 Nd5 27. e4 Nf6 28.
Qc3 Ng4 29. Rxf8+ Rxf8 30. Qxe5 Nxe5 1/2-1/2

[Event "Qatar Masters Open 2023"]
[Site "Doha QAT"]
[Date "2023.10.18"]
[Round "7.13"]
[White "Visakh, N R"]
[Black "Puranik, Abhimanyu"]
[Result "0-1"]
[WhiteTitle "GM"]
[BlackTitle "GM"]
[WhiteElo "2547"]
[BlackElo "2618"]
[WhiteFideId "25012223"]
[BlackFideId "5061245"]
[EventDate "2023.10.11"]

1. d4 Nf6 2. c4 e6 3. Nf3 d5 4. Nc3 Bb4 5. Qa4+ Nc6 6. e3 O-O 7. Qc2 Re8 8. Bd2
Bf8 9. Be2 h6 10. a3 e5 11. cxd5 Nxd5 12. dxe5 Nxe5 13. O-O-O Nxf3 14. Bxf3 Nb6
15. Kb1 c6 16. Bc1 Qf6 17. Rd4 Bf5 18. Be4 c5 19. Rdd1 Bxe4 20. Nxe4 Qc6 21. Nc3
Qxg2 22. e4 Rad8 23. Rdg1 Qf3 24. Bxh6 Nc4 25. Bc1 b5 26. Rd1 b4 27. Nd5 Nd6 28.
Rhe1 Nxe4 29. Rd3 Qf5 30. Nxb4 cxb4 31. Rxd8 b3 32. Qd3 Rxd8 33. Qxe4 Qxf2 34.
Re3 Rd4 35. Rf3 Rxe4 36. Rxf2 a5 0-1

[Event "Qatar Masters Open 2023"]
[Site "Doha QAT"]
[Date "2023.10.18"]
[Round "7.14"]
[White "Prraneeth, Vuppala"]
[Black "Vakhidov, Jakhongir"]
[Result "0-1"]
[WhiteTitle "IM"]
[BlackTitle "GM"]
[WhiteElo "2510"]
[BlackElo "2607"]
[WhiteFideId "46622373"]
[BlackFideId "14201801"]
[EventDate "2023.10.11"]

1. d4 Nf6 2. c4 g6 3. Nc3 Bg7 4. e4 d6 5. Be2 O-O 6. h4 h5 7. Nf3 Bg4 8. Be3 c5
9. d5 Nbd7 10. Qd2 e6 11. dxe6 Bxe6 12. Ng5 Ne5 13. Bf4 Qe7 14. O-O Rad8 15. b3
Bd7 16. Rad1 Bc6 17. Rfe1 a6 18. Nd5 Nxd5 19. exd5 Bd7 20. Bd3 Rfe8 21. Bxe5
dxe5 22. Bc2 b6 23. d6 Qf6 24. Be4 Bh6 25. Bd5 Kg7 26. Qc3 Bxg5 27. hxg5 Qxg5
28. f4 Qxf4 29. Rf1 Qg5 30. Bxf7 Rf8 31. Rde1 Bc6 32. Rf2 Rxd6 33. Rxe5 Rd1+ 34.
Re1+ Rd4 35. Ref1 Kh6 36. Qb2 Rxf7 37. Rxf7 Bxg2 38. Qc1 Bxf1+ 39. Qxg5+ Kxg5
40. Rxf1 Rd2 0-1

[Event "Qatar Masters Open 2023"]
[Site "Doha QAT"]
[Date "2023.10.18"]
[Round "7.16"]
[White "Kevlishvili, Robby"]
[Black "Jumabayev, Rinat"]
[Result "1/2-1/2"]
[WhiteTitle "GM"]
[BlackTitle "GM"]
[WhiteElo "2521"]
[BlackElo "2585"]
[WhiteFideId "1040634"]
[BlackFideId "13702661"]
[EventDate "2023.10.11"]

1. e4 c6 2. Nf3 d5 3. Nc3 Bg4 4. h3 Bxf3 5. Qxf3 e6 6. g3 Bc5 7. Bg2 Nd7 8. Qe2
Ne7 9. O-O O-O 10. d3 f5 11. exd5 exd5 12. Na4 Ng6 13. Nxc5 Nxc5 14. f4 Qf6 15.
Be3 d4 16. Bf2 Na4 17. Qd2 Qd6 18. Rab1 b6 19. Rfe1 Rae8 20. h4 Rxe1+ 21. Qxe1
Rd8 22. Qd1 b5 23. Qd2 Ne7 24. Qa5 Rd7 25. b3 Nc3 26. Re1 c5 27. Qa3 b4 28. Qc1
Ned5 29. a3 Re7 30. Bxd5+ Nxd5 31. Rxe7 Qxe7 32. axb4 Nxb4 33. Qd2 Nd5 34. Qa5
Nb4 35. Qb5 h5 36. Qc4+ Kh7 37. c3 dxc3 38. Qxc3 Qd7 39. Bxc5 Nxd3 40. Be3 Qd5
41. Qc4 Qxc4 42. bxc4 a6 43. Kf1 Kg8 44. Ke2 Nb4 45. Kd2 Kf7 46. Kc3 Nc6 47. c5
Ke6 48. Kc4 g6 49. Bd2 Ne7 1/2-1/2

[Event "Qatar Masters Open 2023"]
[Site "Doha QAT"]
[Date "2023.10.18"]
[Round "7.17"]
[White "Pranesh, M"]
[Black "Kuybokarov, Temur"]
[Result "1/2-1/2"]
[WhiteTitle "GM"]
[BlackTitle "GM"]
[WhiteElo "2515"]
[BlackElo "2584"]
[WhiteFideId "35028600"]
[BlackFideId "14203049"]
[EventDate "2023.10.11"]

1. e4 e5 2. Nf3 Nc6 3. Bb5 a6 4. Ba4 Nf6 5. O-O Be7 6. Re1 b5 7. Bb3 O-O 8. a4
b4 9. d4 d6 10. dxe5 Nxe5 11. Nbd2 Nfd7 12. a5 Bf6 13. Nxe5 Nxe5 14. Nc4 Be6 15.
Ne3 Bxb3 16. cxb3 Rb8 17. Nd5 Rb5 18. Re2 Nc6 19. Rc2 Nxa5 20. Nxf6+ Qxf6 21.
Rxc7 d5 22. Be3 dxe4 23. Rc5 Rd8 24. Qc2 Rxc5 25. Bxc5 Rd3 26. Bxb4 Nc6 27. Bc3
Qd6 28. Qe2 f5 29. h3 a5 30. Qh5 Qg6 31. Qxg6 hxg6 32. Ra4 Kf7 33. Rc4 Ne7 34.
Rc5 Nd5 35. Bxa5 f4 36. Kf1 Ke6 37. Bc3 Rd1+ 38. Ke2 Rg1 39. Rc6+ Kd7 40. Rc4 e3
41. fxe3 Rxg2+ 42. Kf3 Rg3+ 43. Ke4 1/2-1/2

[Event "Qatar Masters Open 2023"]
[Site "Doha QAT"]
[Date "2023.10.18"]
[Round "7.18"]
[White "Ahmadzada, Ahmad"]
[Black "Vokhidov, Shamsiddin"]
[Result "1/2-1/2"]
[WhiteTitle "IM"]
[BlackTitle "GM"]
[WhiteElo "2494"]
[BlackElo "2578"]
[WhiteFideId "13413007"]
[BlackFideId "14204223"]
[EventDate "2023.10.11"]

1. e4 c5 2. c3 Nf6 3. e5 Nd5 4. Nf3 d6 5. d4 cxd4 6. exd6 Qxd6 7. Na3 e6 8. Nb5
Qd8 9. Nbxd4 Be7 10. Bc4 O-O 11. O-O Nc6 12. Qe2 Qc7 13. Bxd5 exd5 14. Bf4 Qd8
15. Rfe1 Bc5 16. Nb3 Bb6 17. Bg5 Qd6 18. Be3 Re8 19. Qd3 Bxe3 20. Rxe3 Bg4 21.
Nfd4 Ne5 22. Qb5 a6 23. Qc5 Nc4 24. Qxd6 Nxd6 25. Rxe8+ Rxe8 26. Nc5 f6 27. f3
Bc8 28. Kf2 Kf7 29. Rd1 Nc4 30. b3 Nd6 31. Rd2 Rd8 32. Ne2 Nf5 33. Nf4 Ne7 34.
c4 d4 35. Nd5 Nxd5 36. Rxd4 b6 37. Na4 b5 38. Nc5 bxc4 39. bxc4 Be6 40. cxd5
Rxd5 1/2-1/2

[Event "Qatar Masters Open 2023"]
[Site "Doha QAT"]
[Date "2023.10.18"]
[Round "7.19"]
[White "Vaishali, Rameshbabu"]
[Black "Aditya, Mittal"]
[Result "1/2-1/2"]
[WhiteTitle "IM"]
[BlackTitle "GM"]
[WhiteElo "2448"]
[BlackElo "2572"]
[WhiteFideId "5091756"]
[BlackFideId "35042025"]
[EventDate "2023.10.11"]

1. e4 c5 2. Nf3 d6 3. d4 cxd4 4. Nxd4 Nf6 5. Nc3 a6 6. Be2 e5 7. Nb3 Be7 8. O-O
O-O 9. Be3 Be6 10. Re1 Nc6 11. f3 d5 12. exd5 Nxd5 13. Nxd5 Bxd5 14. c3 Rc8 15.
Qc2 Qc7 16. Rad1 Rfd8 17. Bd3 g6 18. Qf2 Qb8 19. Bb6 Rd6 20. Bc5 Rdd8 21. Bb6
Rd6 22. Bf1 Be6 23. Nc5 Nd4 24. cxd4 Rxb6 25. Nxe6 Rxe6 26. g3 Bb4 27. Re3 exd4
28. Rxe6 fxe6 29. Bd3 Qe5 30. f4 Qh5 31. Rf1 Qd5 32. a3 Ba5 33. Qe2 b5 34. h4
Kf7 35. Kh2 Bd8 36. Re1 Bf6 37. Qg2 Qxg2+ 38. Kxg2 Rc5 39. Kf3 e5 40. fxe5 Bxe5
41. Re2 Ke6 42. h5 gxh5 43. Bxh7 Rc7 44. Bg6 Rg7 45. Bxh5 Kd5 46. g4 Bf6 47. Re8
d3 48. Ke3 Kc4 49. Rc8+ Kb3 50. Rc6 Bxb2 51. g5 a5 52. Rc5 Rb7 53. Bf3 Rb6 54.
Bc6 d2 55. Kxd2 Bxa3 56. Rc3+ Ka4 57. Be4 1/2-1/2

[Event "Qatar Masters Open 2023"]
[Site "Doha QAT"]
[Date "2023.10.18"]
[Round "7.20"]
[White "Aravindh, Chithambaram VR."]
[Black "Srihari, L R"]
[Result "1-0"]
[WhiteTitle "GM"]
[BlackTitle "IM"]
[WhiteElo "2649"]
[BlackElo "2438"]
[WhiteFideId "5072786"]
[BlackFideId "46617116"]
[EventDate "2023.10.11"]

1. Nf3 Nf6 2. g3 d5 3. Bg2 c6 4. O-O Bf5 5. d3 h6 6. c4 dxc4 7. dxc4 Qxd1 8.
Rxd1 Nbd7 9. b3 e6 10. Bb2 Bb4 11. Nbd2 Bc2 12. Rdc1 Bh7 13. a3 Be7 14. b4 O-O
15. Nd4 Nb6 16. Ra2 Rad8 17. c5 Na4 18. Ba1 Nd5 19. e3 Bd3 20. Bf3 e5 21. N4b3
f6 22. Na5 Rb8 23. Ndc4 Bd8 24. e4 Ne7 25. Rd2 Bxa5 26. Rxd3 Rfd8 27. Rxd8+ Bxd8
28. Bd1 b5 29. Bxa4 bxa4 30. Rd1 Kf7 31. Rd7 a5 32. bxa5 Rb1+ 33. Kg2 Bxa5 34.
Bxe5 fxe5 35. Nxa5 Ke8 36. Rc7 Ra1 37. Nc4 Rc1 38. Nd6+ Kf8 39. Ra7 g6 40. Rxa4
Rxc5 41. Ra8+ Kg7 42. a4 Rc2 43. a5 Ra2 44. a6 c5 45. a7 Nc6 46. Nb5 c4 47. Rc8
Nxa7 48. Rc7+ Kf6 49. Nxa7 c3 50. Nb5 c2 51. Nc3 1-0

[Event "Qatar Masters Open 2023"]
[Site "Doha QAT"]
[Date "2023.10.18"]
[Round "7.21"]
[White "Mendonca, Leon Luke"]
[Black "Tarhan, Adar"]
[Result "1/2-1/2"]
[WhiteTitle "GM"]
[BlackTitle "FM"]
[WhiteElo "2622"]
[BlackElo "2445"]
[WhiteFideId "35028561"]
[BlackFideId "34544712"]
[EventDate "2023.10.11"]

1. e4 e5 2. Nf3 Nc6 3. Bb5 Nf6 4. d3 Bc5 5. Bxc6 dxc6 6. Nbd2 Be6 7. O-O Nd7 8.
Nb3 f6 9. Nxc5 Nxc5 10. Be3 Nd7 11. Nd2 Qe7 12. f4 exf4 13. Bxf4 O-O-O 14. Kh1
h5 15. Qf3 h4 16. h3 g5 17. Bh2 Rdg8 18. Nc4 Bxc4 19. dxc4 Re8 20. Rae1 Qe6 21.
b3 b6 22. Qf5 Rhg8 23. e5 fxe5 24. Bxe5 Qxf5 25. Rxf5 g4 26. Bc3 Rxe1+ 27. Bxe1
Re8 28. Bxh4 gxh3 29. gxh3 Rh8 30. Rf4 Ne5 31. Re4 Ng6 32. Bg3 Rxh3+ 33. Kg2 Rh7
34. Re8+ Kb7 1/2-1/2

[Event "Qatar Masters Open 2023"]
[Site "Doha QAT"]
[Date "2023.10.18"]
[Round "7.22"]
[White "Gupta, Abhijeet"]
[Black "Shyaamnikhil, P"]
[Result "1-0"]
[WhiteTitle "GM"]
[BlackTitle "IM"]
[WhiteElo "2609"]
[BlackElo "2442"]
[WhiteFideId "5010608"]
[BlackFideId "5024218"]
[EventDate "2023.10.11"]

1. d4 Nf6 2. c4 e6 3. Nc3 Bb4 4. f3 O-O 5. a3 Bxc3+ 6. bxc3 Ne8 7. e4 d6 8. Bd3
e5 9. Ne2 Nc6 10. O-O b6 11. f4 Ba6 12. f5 f6 13. Rf3 Na5 14. Rh3 Qd7 15. Ng3
Rf7 16. Qh5 h6 17. Qg6 Kf8 18. Be2 Bxc4 19. Bh5 Nb3 20. Rb1 Nxc1 21. Rxc1 Kg8
22. Qg4 Kf8 23. Rd1 Qa4 24. d5 Rd8 25. Kh1 Rdd7 26. Rg1 c6 27. Rh4 Qxa3 28. Qg6
cxd5 29. exd5 Bxd5 30. c4 Bc6 31. Qh7 Qe3 32. Rg4 Ke7 33. Qg8 Rf8 34. Rxg7+ Nxg7
35. Qxg7+ Kd8 36. Qxf8+ Kc7 37. Qxf6 1-0

[Event "Qatar Masters Open 2023"]
[Site "Doha QAT"]
[Date "2023.10.18"]
[Round "7.23"]
[White "Parligras, Mircea-Emilian"]
[Black "Baskin, Robert"]
[Result "1/2-1/2"]
[WhiteTitle "GM"]
[BlackTitle "IM"]
[WhiteElo "2561"]
[BlackElo "2451"]
[WhiteFideId "1204297"]
[BlackFideId "24662402"]
[EventDate "2023.10.11"]

1. c4 c6 2. Nf3 d5 3. e3 Bf5 4. Qb3 Qc7 5. Nc3 e6 6. Nh4 Bg6 7. Nxg6 hxg6 8. g3
Nf6 9. d4 Nbd7 10. Bg2 Be7 11. O-O Nb6 12. c5 Nbd7 13. Bd2 e5 14. Qa4 e4 15. f3
exf3 16. Bxf3 O-O 17. b4 a6 18. Qb3 g5 19. e4 g4 20. Bf4 Qc8 21. Bg2 Nxe4 22.
Bxe4 dxe4 23. Nxe4 Nf6 24. Nxf6+ Bxf6 25. Rad1 a5 26. b5 a4 27. Qc4 Re8 28. d5
cxd5 29. Qxd5 Ra5 30. c6 bxc6 31. Qxc6 Qe6 32. Qxe6 Rxe6 33. Rd5 a3 34. Rb1 Bb2
35. Rbd1 Ra4 36. Bd6 Ra7 37. Bc5 Rb7 38. Bf2 Re2 39. R1d3 Rc2 40. Rb3 Rc1+ 41.
Kg2 Ra1 42. b6 Rxa2 43. Rd2 Ra1 44. Rd8+ Kh7 45. Ra8 Rd1 46. Ra7 Rdd7 47. Rb4
Rxa7 48. bxa7 Rxa7 49. Bxa7 a2 50. Ra4 a1=Q 51. Rxa1 Bxa1 52. h3 gxh3+ 53. Kxh3
Kg6 54. Kg4 Be5 55. Be3 f5+ 56. Kf3 Kh5 57. g4+ Kg6 58. gxf5+ Kxf5 59. Bd2 g5
60. Bxg5 Bf6 1/2-1/2

[Event "Qatar Masters Open 2023"]
[Site "Doha QAT"]
[Date "2023.10.18"]
[Round "7.24"]
[White "Nogerbek, Kazybek"]
[Black "Lalit Babu M R"]
[Result "1/2-1/2"]
[WhiteTitle "IM"]
[BlackTitle "GM"]
[WhiteElo "2471"]
[BlackElo "2547"]
[WhiteFideId "13710427"]
[BlackFideId "5024595"]
[EventDate "2023.10.11"]

1. d4 Nf6 2. c4 e6 3. Nf3 b6 4. a3 Bb7 5. Nc3 d5 6. cxd5 Nxd5 7. Qc2 Nxc3 8.
bxc3 c5 9. e4 Nd7 10. Bf4 Be7 11. Bd3 Qc8 12. Qb1 Ba6 13. O-O O-O 14. e5 Bxd3
15. Qxd3 Rd8 16. Qe4 Nf8 17. Bg5 Bxg5 18. Nxg5 h6 19. Nf3 cxd4 20. cxd4 Ng6 21.
h4 Ne7 22. Rfd1 Qd7 23. h5 Rac8 24. Rd3 Qb5 25. Rad1 Nd5 26. Qh4 Rd7 27. Kh2 Qb2
28. Nd2 Rc1 29. Rxc1 Qxc1 30. Qg4 Kf8 31. Ne4 Qf4+ 32. Qxf4 Nxf4 33. Rc3 Rxd4
34. Nd6 Nd5 35. Rc8+ Ke7 36. Rb8 f6 37. Rb7+ Kf8 38. Rb8+ 1/2-1/2

[Event "Qatar Masters Open 2023"]
[Site "Doha QAT"]
[Date "2023.10.18"]
[Round "7.25"]
[White "Yilmazyerli, Mert"]
[Black "Saydaliev, Saidakbar"]
[Result "1/2-1/2"]
[WhiteTitle "GM"]
[BlackTitle "IM"]
[WhiteElo "2533"]
[BlackElo "2426"]
[WhiteFideId "6305962"]
[BlackFideId "14203693"]
[EventDate "2023.10.11"]

1. d4 Nf6 2. c4 e6 3. Nf3 d5 4. Nc3 Bb4 5. cxd5 exd5 6. Bg5 h6 7. Bh4 Nbd7 8.
Nd2 Be7 9. e3 O-O 10. Bd3 c5 11. O-O a6 12. dxc5 Nxc5 13. Be2 d4 14. exd4 Qxd4
15. Nf3 Qxd1 16. Raxd1 Re8 17. Nd4 Nce4 18. Nxe4 Nxe4 19. Bxe7 Rxe7 20. Rc1 Nd6
21. Bf3 Bd7 22. Rfd1 Rc8 23. Rxc8+ Bxc8 24. Nc2 Rd7 25. Ne3 Kf8 26. h4 Rd8 27.
b4 Be6 28. a4 Ke7 29. Nd5+ Bxd5 30. Rxd5 Rc8 31. Rc5 Kd8 32. a5 Rxc5 33. bxc5
Nc4 34. Bxb7 Nxa5 35. Bxa6 Kc7 36. Bb5 Nb7 37. Be8 f6 38. c6 Nd8 39. Kh2 Nxc6
40. Bxc6 Kxc6 41. Kg3 h5 42. Kf4 g6 43. Ke4 Kc5 44. f3 Kc6 45. f4 Kd6 46. g3 Ke6
47. f5+ gxf5+ 48. Kf4 Ke7 49. Kxf5 Kf7 50. Kf4 Ke7 51. g4 hxg4 52. Kxg4 Kf7 53.
Kf5 Kg7 54. h5 Kh6 55. Kxf6 Kxh5 1/2-1/2

[Event "Qatar Masters Open 2023"]
[Site "Doha QAT"]
[Date "2023.10.18"]
[Round "7.26"]
[White "Stany, G.A."]
[Black "Vignesh, N R"]
[Result "0-1"]
[WhiteTitle "GM"]
[BlackTitle "GM"]
[WhiteElo "2469"]
[BlackElo "2527"]
[WhiteFideId "5029104"]
[BlackFideId "25012215"]
[EventDate "2023.10.11"]

1. e4 c5 2. Nf3 d6 3. d4 cxd4 4. Nxd4 Nf6 5. Nc3 a6 6. h4 e5 7. Nb3 Be7 8. Be2
Be6 9. f4 exf4 10. Bxf4 Nc6 11. Qd2 Ne5 12. O-O-O Nfd7 13. Nd4 O-O 14. Nf5 Bxf5
15. exf5 Nf6 16. Nd5 Nxd5 17. Qxd5 Qc7 18. g4 Rac8 19. c3 Rfe8 20. g5 b5 21. Kb1
Bf8 22. Rhe1 Qb6 23. Bf1 Rc5 24. Qb3 Qc6 25. g6 hxg6 26. fxg6 Nxg6 27. Bg3 Rxe1
28. Rxe1 Qf3 29. c4 Qf5+ 30. Ka1 Qc8 31. Qd1 bxc4 32. Bxd6 Bxd6 33. Qxd6 c3 34.
Bd3 Rc6 35. Qd4 cxb2+ 36. Kxb2 Qb8+ 37. Ka1 Nf8 38. Bc4 Qc7 39. Re4 Rd6 40. Qe3
Qd8 41. Bb3 Qf6+ 42. Kb1 Ne6 43. Re5 Qxh4 44. Bxe6 fxe6 45. Rxe6 Qb4+ 0-1

[Event "Qatar Masters Open 2023"]
[Site "Doha QAT"]
[Date "2023.10.18"]
[Round "7.27"]
[White "Zou, Chen"]
[Black "Samant, Aditya S"]
[Result "1-0"]
[WhiteTitle "IM"]
[BlackTitle "IM"]
[WhiteElo "2418"]
[BlackElo "2511"]
[WhiteFideId "8610959"]
[BlackFideId "35080580"]
[EventDate "2023.10.11"]

1. e4 c5 2. Nf3 d6 3. d4 cxd4 4. Nxd4 Nf6 5. Nc3 Nc6 6. Bg5 e6 7. Qd2 a6 8.
O-O-O Bd7 9. f4 b5 10. Bxf6 gxf6 11. Kb1 Qb6 12. Nxc6 Bxc6 13. f5 Qc5 14. fxe6
fxe6 15. Bd3 h5 16. Qe1 Qe5 17. Qf2 Bg7 18. Rde1 O-O 19. Rhg1 Qc5 20. Qd2 Qg5
21. Qe2 Bh6 22. h4 Qg4 23. Qf2 Bf4 24. g3 Be5 25. Be2 Qg7 26. g4 Qa7 27. Qf3 Kh8
28. gxh5 Rg8 29. Rg6 Rxg6 30. hxg6 Kg7 31. h5 Rh8 32. Qh3 Bd7 33. Bg4 Qf2 34.
Rh1 f5 35. h6+ Kxg6 36. Bxf5+ Kf6 37. Nd5+ exd5 38. Bxd7 Ke7 39. Bc6 Qa7 40.
exd5 Kd8 41. a3 Rh7 42. Qg2 Kc7 43. Qg8 Re7 44. Qf8 Rh7 45. Rf1 Qd4 46. Rf7+
Rxf7 47. Qxf7+ Kb6 48. Qb7+ Kc5 49. Qa7+ Kc4 50. Qxd4+ Bxd4 51. b4 Bc3 52. h7
Bh8 53. Bb7 Bg7 54. Bxa6 Bh8 55. a4 Kxb4 56. Bxb5 Bc3 57. Kc1 Kc5 58. Bc6 Kb6
59. Kd1 Kc7 60. Ke2 Kd8 61. a5 Kc7 62. a6 Kb6 63. Bb7 Be5 64. Kf3 Ka7 65. Kg4 1-0

[Event "Qatar Masters Open 2023"]
[Site "Doha QAT"]
[Date "2023.10.18"]
[Round "7.29"]
[White "Samadov, Read"]
[Black "Mohammad Fahad, Rahman"]
[Result "1-0"]
[WhiteTitle "IM"]
[BlackTitle "IM"]
[WhiteElo "2492"]
[BlackElo "2396"]
[WhiteFideId "13417444"]
[BlackFideId "10207791"]
[EventDate "2023.10.11"]

1. Nf3 d5 2. g3 g6 3. Bg2 Bg7 4. d4 c6 5. O-O Nf6 6. a4 a5 7. c4 O-O 8. cxd5
Nxd5 9. Nc3 Nb4 10. e4 Bg4 11. Be3 e5 12. d5 cxd5 13. exd5 Nd7 14. h3 Bf5 15.
Ne1 Nb6 16. g4 Bd7 17. Nd3 Rc8 18. Nxb4 axb4 19. Ne4 f5 20. Bg5 Qc7 21. Rc1 Qb8
22. Nc5 Rxc5 23. Rxc5 Qd6 24. Rc1 Bxa4 25. Qe2 f4 26. Bh4 h6 27. g5 hxg5 28.
Bxg5 Bd7 29. Rfe1 Na4 30. Qc2 f3 31. Qc7 Qxc7 32. Rxc7 Be8 33. Bf1 Nb6 34. Rxb7
Nc8 35. Rxb4 Bd7 36. Rc1 Bf5 37. Rb8 e4 38. Ba6 Nd6 39. Rxf8+ Kxf8 40. Bf4 Ne8
41. b4 Nf6 42. Bb7 Bxh3 43. Bc8 Bxc8 44. Rxc8+ Ke7 45. Be5 Bh6 46. d6+ Ke6 47.
Bxf6 1-0

[Event "Qatar Masters Open 2023"]
[Site "Doha QAT"]
[Date "2023.10.18"]
[Round "7.30"]
[White "Abdisalimov, Abdimalik"]
[Black "Panda, Sambit"]
[Result "1-0"]
[WhiteTitle "GM"]
[BlackTitle "IM"]
[WhiteElo "2487"]
[BlackElo "2395"]
[WhiteFideId "14206323"]
[BlackFideId "25091794"]
[EventDate "2023.10.11"]

1. c4 e6 2. Nf3 d5 3. g3 Nf6 4. Bg2 dxc4 5. Qa4+ Nbd7 6. Qxc4 a6 7. Qc2 c5 8.
Nc3 Ra7 9. O-O b6 10. d4 Bb7 11. e4 cxd4 12. Nxd4 Be7 13. Rd1 Qa8 14. f3 O-O 15.
Be3 Ne5 16. Nb3 Nc4 17. Bf2 Rc8 18. Nd2 Nxd2 19. Qxd2 Bc6 20. Bxb6 Rb7 21. Be3
Qb8 22. b3 Bb4 23. Rac1 Rd7 24. Qe2 a5 25. Bf1 h5 26. Nb5 h4 27. Rxd7 Bxd7 28.
Rxc8+ Qxc8 29. Qc4 Qb8 30. Qc7 Qf8 31. Bf2 hxg3 32. hxg3 Qe8 33. Nd6 Qa8 34. Nc4
Bc6 35. a3 Bc3 36. Ne5 Bxe5 37. Qxe5 Qb7 38. Bc4 Qd7 39. Bd4 Bb7 40. Kf1 Nh5 41.
Kf2 Qd8 42. Ke3 Nf6 43. Kd3 Bc6 44. g4 Ne8 45. g5 Kh7 46. Kc3 Bd7 47. a4 Kg6 48.
f4 f6 49. gxf6 Nxf6 50. Kb2 Qh8 51. Bxe6 Bxe6 52. f5+ Bxf5 53. Qxf5+ Kf7 54. e5
Qh2+ 55. Ka3 Qd2 56. Bb2 Qd7 57. Qf1 1-0

[Event "Qatar Masters Open 2023"]
[Site "Doha QAT"]
[Date "2023.10.18"]
[Round "7.31"]
[White "Ashraf, Artin"]
[Black "Chandra, Akshat"]
[Result "1/2-1/2"]
[WhiteTitle "FM"]
[BlackTitle "GM"]
[WhiteElo "2340"]
[BlackElo "2486"]
[WhiteFideId "22514805"]
[BlackFideId "25006711"]
[EventDate "2023.10.11"]

1. d4 Nf6 2. c4 e6 3. Nf3 b6 4. g3 Ba6 5. b3 Bb4+ 6. Bd2 Be7 7. Nc3 d5 8. cxd5
exd5 9. Bg2 O-O 10. O-O Nbd7 11. Ne5 Bb7 12. Rc1 Re8 13. Nb5 c5 14. Bf4 Nf8 15.
dxc5 bxc5 16. Nc4 Ne6 17. Be5 Ng4 18. Bd6 Bc6 19. Bxe7 Rxe7 20. Nc3 Rd7 21. Nb2
Rc8 22. Nd3 Ba8 23. h3 Nf6 24. Ne5 Re7 25. e3 Bb7 26. Ng4 Nxg4 27. Qxg4 d4 28.
Rfd1 Bxg2 29. Kxg2 Rd7 30. Ne4 Rd5 31. Qf3 Re5 32. h4 Rc7 33. Nd2 g6 34. Nc4 Rf5
35. Qe2 Rh5 36. Kg1 Re7 37. e4 f5 38. e5 Qd5 39. Nd2 f4 40. Re1 fxg3 41. fxg3
Kg7 42. Qe4 Qxe4 43. Rxe4 Rf5 44. Nc4 Rf3 45. Kg2 Ref7 46. Re2 Rf8 47. Rd2 Kh6
48. Rcc2 Kh5 49. Nd6 Re3 50. Nc4 Ref3 51. Nd6 Re3 52. Nc4 Ref3 1/2-1/2

[Event "Qatar Masters Open 2023"]
[Site "Doha QAT"]
[Date "2023.10.18"]
[Round "7.32"]
[White "Tan, Jun Ying"]
[Black "Ohanyan, Emin"]
[Result "1/2-1/2"]
[WhiteTitle "CM"]
[BlackTitle "IM"]
[WhiteElo "2250"]
[BlackElo "2474"]
[WhiteFideId "5710413"]
[BlackFideId "13312022"]
[EventDate "2023.10.11"]

1. d4 Nf6 2. c4 e6 3. Nc3 Bb4 4. e3 O-O 5. Ne2 c6 6. a3 Ba5 7. Qc2 d5 8. Ng3
Nbd7 9. Be2 e5 10. O-O exd4 11. exd4 dxc4 12. Bxc4 Nb6 13. Ba2 Nbd5 14. Bb1 h6
15. Nh5 Re8 16. Nxd5 cxd5 17. Nxf6+ Qxf6 18. Bd2 Bxd2 19. Qxd2 Bf5 20. Bxf5 Qxf5
21. Rfe1 Rxe1+ 22. Rxe1 Rc8 23. Rc1 Rc4 24. b3 Rxc1+ 25. Qxc1 Kh7 26. h3 Qd3 27.
Qc8 Qxb3 28. Qf5+ Kg8 29. Qc8+ Kh7 30. Qf5+ Kg8 31. Qc8+ 1/2-1/2

[Event "Qatar Masters Open 2023"]
[Site "Doha QAT"]
[Date "2023.10.18"]
[Round "7.33"]
[White "Nihal, Sarin"]
[Black "Mayank, Chakraborty"]
[Result "1-0"]
[WhiteTitle "GM"]
[BlackTitle "CM"]
[WhiteElo "2694"]
[BlackElo "2333"]
[WhiteFideId "25092340"]
[BlackFideId "25659766"]
[EventDate "2023.10.11"]

1. a3 d5 2. Nf3 Nf6 3. e3 Bf5 4. c4 e6 5. Qb3 Qc8 6. Nc3 c6 7. Nh4 Bg6 8. Nxg6
hxg6 9. d4 Nbd7 10. Bd2 Qc7 11. h3 Nb6 12. cxd5 Nbxd5 13. Bd3 Be7 14. Rc1 Rd8
15. Ne2 g5 16. g3 g4 17. h4 e5 18. dxe5 Qxe5 19. Qxb7 O-O 20. Nd4 Rd7 21. Nxc6
Rxb7 22. Nxe5 Rxb2 23. Nc4 Ra2 24. Bb1 Ra1 25. Bh7+ Kxh7 26. Rxa1 Ne4 27. Ke2
Rb8 28. Rac1 Rb3 29. Rc2 Bxa3 30. Ra1 Bc5 31. Be1 Bb6 32. Rb2 Rxb2+ 33. Nxb2 Kg6
34. Nc4 Kf5 35. f3 gxf3+ 36. Kxf3 Ndf6 37. Nxb6 axb6 38. Rb1 Nd7 39. g4+ Ke5 40.
Rb5+ Nec5 41. Bc3+ Ke6 42. Bxg7 f6 43. Bh6 Ne5+ 44. Kg3 Nc4 45. Bf4 1-0

[Event "Qatar Masters Open 2023"]
[Site "Doha QAT"]
[Date "2023.10.18"]
[Round "7.34"]
[White "Can, Emre"]
[Black "Garv, Gaur"]
[Result "1-0"]
[WhiteTitle "GM"]
[BlackTitle "FM"]
[WhiteElo "2576"]
[BlackElo "2401"]
[WhiteFideId "6302181"]
[BlackFideId "45030839"]
[EventDate "2023.10.11"]

1. e4 c6 2. d4 d5 3. e5 Bf5 4. Nf3 e6 5. Be2 Nd7 6. O-O Ne7 7. c3 h6 8. Na3 Qc7
9. Nc2 g5 10. Ne3 Bg6 11. a4 a5 12. Re1 Bg7 13. b3 c5 14. Ba3 Nc6 15. Rc1 O-O
16. h4 Qd8 17. hxg5 hxg5 18. Qd2 Re8 19. Ng4 Bf5 20. Nfh2 Rc8 21. Bb5 cxd4 22.
cxd4 f6 23. Rc3 fxe5 24. dxe5 Ndxe5 25. Nxe5 Nxe5 26. Rxc8 Qxc8 27. Bxe8 Qxe8
28. Qxa5 Nd3 29. Re2 Nf4 30. Rd2 d4 31. Nf1 Qc6 32. f3 Qd7 33. Qc5 e5 34. Ng3
Bg6 35. Ne2 Nxe2+ 36. Rxe2 d3 37. Rd2 e4 38. Qc4+ Kh7 39. Bc5 exf3 40. gxf3 Be5
41. Be3 Bf6 42. a5 Kg7 43. b4 Qe7 44. Qc5 Qd7 45. b5 g4 46. b6 Qe6 47. Qc7+ Bf7
48. Qf4 gxf3 49. a6 Qb3 50. Qh6+ Kg8 51. Qxf6 Qb1+ 52. Kf2 Qh1 53. Qxf3 1-0